Big Geography (Europe) Quiz Stats

Quiz Updated Dec 6, 2014

Challenge
Share
Tweet
Embed
Score 0/15 Timer 05:00
0 Plays Today
Hint Country % Correct
Country at Least Partially in EuropeRussia
98.2%
Nordic CountryDenmark
83.2%
Country Bordering No Other Countries (No Land Borders)Iceland
79.4%
Country Beginning with a VowelUkraine
74.7%
Country Name is more than one wordUnited Kingdom
70.4%
Country Name Ending in 'land'Finland
64.9%
Country Bordering the Adriatic SeaItaly
63.5%
Non-Nordic Country Currently with a MonarchSpain
59.2%
Hint Country % Correct
Country Bordering SerbiaRomania
57.5%
Landlocked CountryBelarus
55.8%
Country Whose Name Begins with 'm'Moldova
55.4%
Country with a 'v' in Its NameLatvia
46.6%
Country Whose Name Ends in 'o'Montenegro
39%
Country Name Beginning and Ending with the Same LetterAustria
36%
8-Letter CountryBulgaria
25.1%

You're not logged in!

Compare scores with friends on all Sporcle quizzes.
Sign Up with Email
OR
Log In

You Might Also Like...

Show Comments

Extras

Top Quizzes Today


Score Distribution

Your Account Isn't Verified!

In order to create a playlist on Sporcle, you need to verify the email address you used during registration. Go to your Sporcle Settings to finish the process.